|
|
|
|
| LEADER |
01547pam a2200325 a 4500 |
| 001 |
727538 |
| 003 |
BD-DhAAL |
| 005 |
20260514122502.0 |
| 008 |
260514t1999 hiuab b 001 0 eng |
| 010 |
|
|
|a 98038468
|
| 020 |
|
|
|a 0824820371
|
| 020 |
|
|
|a 9780824820374
|
| 035 |
|
|
|a 727538
|
| 040 |
|
|
|a DLC
|c DLC
|d DLC
|d BD-DhAAL
|
| 043 |
|
|
|a a-ja---
|
| 050 |
0 |
0 |
|a DS895.R95
|b S65 1999
|
| 082 |
0 |
0 |
|a 952.29
|2 21
|
| 100 |
1 |
|
|a Smits, Gregory,
|d 1960-
|9 60759
|
| 245 |
1 |
0 |
|a Visions of Ryukyu :
|b identity and ideology in early-modern thought and politics /
|c Gregory Smits.
|
| 246 |
|
3 |
|a Visions of Ryukyu
|
| 260 |
|
|
|a Honolulu :
|b University of Hawai'i Press,
|c c1999.
|
| 300 |
|
|
|a 213 pages :
|b illustrations, maps ;
|c 24 cm
|
| 504 |
|
|
|a Includes bibliographical references (p. [201]-207) and index.
|
| 526 |
8 |
|
|a AAL
|
| 541 |
1 |
|
|a Donated by Embassy of Japan in Bangladesh, Read Japan Project 2025, The Tokyo Foundation, supported by The Nippon Foundation.
|e 45778
|
| 651 |
|
0 |
|a Ryukyu Islands
|x History.
|9 60760
|
| 852 |
1 |
|
|a Ayesha Abed Library
|c General Stacks
|
| 942 |
|
|
|2 ddc
|c BK
|
| 999 |
|
|
|c 47960
|d 47960
|
| 952 |
|
|
|0 0
|1 0
|2 ddc
|4 0
|6 952_290000000000000_SMI
|7 0
|9 79207
|a BRACUL
|b BRACUL
|d 2026-05-14
|e Donated by Embassy of Japan in Bangladesh, Read Japan Project 2025, The Tokyo Foundation, supported by The Nippon Foundation.
|l 0
|o 952.29 SMI
|p 3010045778
|r 2026-05-14
|t 1
|w 2026-05-14
|y BK
|x Donated copy received from Embassy of Japan in Bangladesh, Read Japan Project 2025, The Tokyo Foundation, supported by The Nippon Foundation on 08 April 2026; $28.00
|